00821nam a2200241 a 450000100060000000300080000600500170001400800410003102000390007202000390011103500190015004000270016904100080019608200260020424501360023026000380036630000330040450000200043750400300045765100440048770000230053170000250055458171BD-RjUL20211209080607.0161217s1984 coub b 001 0 eng  a0865317836 (pbk.) :c$11.95 (est.) a0865317828 (hard) :c$27.50 (est.) a(BD-RjUL)58295 aDLCcDLCdBD-RjULbeng aeng00a327.098223bJED 198404aThe Dynamics of Latin American foreign policies :bchallenges for the 1980s /cedited by Jennie K. Lincoln and Elizabeth G. Ferris. aBoulder :bWestview Press,c1984. axvi, 325 p. :bmap ;c23 cm. aIncludes index. aBibliography: p. 285-304. 0aLatin AmericaxForeign relationsy1980-1 aLincoln, Jennie K.1 aFerris, Elizabeth G.